Best-selling Brands of Gum - Statistics

General Stats
  • This quiz has been taken 401 times
  • The average score is 5 of 16
Answer Stats
Sales Company Description Brand % Correct
48.4 Wrigley bubblegum Hubba Bubba
56%
71.2 Wrigley chewing gum Juicy Fruit
56%
657.3 Mondelēz/Cadbury sugar-free chewing gum Trident
54%
488.7 Wrigley sugar-free chewing gum Extra
51%
551.1 Wrigley sugar-free chewing gum Orbit
47%
275.9 Wrigley sugar-free chewing gum 5
46%
146.1 Perfetti Van Melle chewy mint Mentos
37%
123.6 Wrigley chewing gum Doublemint
36%
61.6 Tootsie Roll bubblegum Dubble Bubble
29%
50.6 Wrigley chewing gum Spearmint
29%
45 Wrigley chewing gum Big Red
28%
99.7 Hershey chewing gum/mint Ice Breakers
22%
285.6 Mondelēz/Cadbury chewing gum Dentyne
16%
195.7 Wrigley chewing gum/breath mint Eclipse
13%
112.3 Mondelēz/Cadbury sugar-free chewing gum Stride
9%
47.9 Wrigley chewing gum Winterfresh
6%
No matching quizzes found
Score Distribution
Percent of People with Each Score
Percentile by Number Answered
Your Score History
You have not taken this quiz